L'Etna: poème
Uloženo v:
| Médium: | Kniha |
|---|---|
| Jazyk: | francouzština latina |
| Vydáno: |
París
Les Belles Lettres
1961
|
| Vydání: | 2a. ed |
| Edice: | Collection des Universités de France
|
| Témata: | |
| Tagy: |
Přidat tag
Žádné tagy, Buďte první, kdo vytvoří štítek k tomuto záznamu!
|
MARC
| LEADER | 00000nam a2200000 a 4500 | ||
|---|---|---|---|
| 001 | UCO5821 | ||
| 003 | CL-VaPUC | ||
| 008 | 000915e19610000FR |||||||||||||||||fre|d | ||
| 041 | 0 | 7 | |a fre |2 CL-VaPUC |
| 041 | 0 | 7 | |a lat |2 CL-VaPUC |
| 082 | 0 | 4 | |a 871 |b ETN |2 21 |
| 245 | 1 | 2 | |a L'Etna: poème |
| 250 | |a 2a. ed | ||
| 300 | |a 81 p | ||
| 942 | |c BK | ||
| 945 | |d 20000915 00:00:00 |a crobeson | ||
| 260 | |a París |b Les Belles Lettres |c 1961 | ||
| 500 | |a Poéma didáctico atribuido a Virgilio, incluido en el Appendix Vergiliana | ||
| 650 | 7 | |a POESIAS LATINAS |2 CL-VaPUC |9 450619 | |
| 650 | 0 | |a Literatura latina |9 258055 | |
| 583 | |a last modification |c 20000915 00:00:00 |k Rodrigo Vera | ||
| 490 | 0 | |a Collection des Universités de France | |
| 999 | |c 291651 |d 291649 | ||
| 952 | |0 0 |1 0 |4 0 |6 871_000000000000000_ETN_1961 |7 0 |8 X |9 341689 |a BIBART |b BIBART |d 2019-11-20 |i 1223488 |o 871 ETN 1961 |p 1223488 |r 2025-03-13 |w 2019-11-20 |y BK_X |k ART | ||
| 952 | |0 0 |1 0 |4 0 |6 871_000000000000000_ETN_1961 |7 0 |8 DER_ROM |9 341690 |a BIBDER |b BIBDER |d 2019-11-20 |i 3864944 |o 871 ETN 1961 |p 3864944 |r 2023-01-25 |w 2019-11-20 |x Ubicación 4to piso |y BK |z Este recurso debe solicitarse con anticipación |k DER | ||